01611nas a2200397 i 4500001000400000003000900004005001700013007000300030008004100033022001400074080001000088080001000098080000700108080000700115245011000122246004000232260014000272300002100412310002300433321003100456362002000487547006300507650002800570650002600598650005000624655002900674700002500703700003600728710006200764710009500826852014200921856009401063866002401157942001901181999001301200399ES-MaACL20250814062536.0t|950801c1983 sp f| | 1 ||pa d a1696-702X a(460) a93/99 a31 a0600aBoletín de la Asociación de Demografía Histórica / c[dir. David Reher y Vicente Pérez Moreda].13aRevista de demografía histórica a[Madrid : bAsociación de Demografia Histórica ; Facultad de Ciencias Políticas y Sociología, Universidad Complutense], c1983- a14 v. ; c22 cm. aSemestral, b1996- aCuatrimestral, b1983-19950 aAño I (1983)- aDesde 2001 se titula: Revista de demografía histórica.17aHistoria2embne917993314aEstadística.912520 4aInstituciones científicas y diversas913829 72tgfbne9226866aRevistas1 aReher, David.9959441 aPérez Moreda, Vicente.99104200aAsociación de Demografía Histórica (cMadrid)915782 aUniversidad Complutense de Madrid. bFacultad de Ciencias Políticas y Sociología97118 aES-MaACLjHEM-H-390 dOlim: HEM-1613 cHEM9410zExpurgado marzo 2025: posterior 1958, sin encuadernar; muy incompleta; en acceso abierto uhttps://dialnet.unirioja.es/servlet/revista?codigo=212ySumarios de la revista en Dialnet 0o1984,2005-2006,2008 2udccPERIODICA c399d399